[Event "Minsk op"]
[Site "Minsk"]
[Date "2023.11.09"]
[Round "7"]
[White "Kramich, Aliaksei"]
[Black "Popov, Ivan1"]
[Result "1/2-1/2"]
[WhiteElo "2043"]
[BlackElo "2628"]
[PlyCount "59"]
[EventDate "2023.11.03"]
[EventType "swiss"]
[EventRounds "9"]
[EventCountry "BLR"]
[SourceTitle "CB46_2023"]
[SourceDate "2023.11.15"]
[SourceVersion "1"]
[SourceVersionDate "2023.11.15"]
[SourceQuality "1"]

1. e4 c6 2. d4 d5 3. exd5 cxd5 4. Bd3 Nf6 5. c3 Bg4 6. Qb3 Qc7 7. h3 Bd7 8. Nf3 e6 9. 0-0 Bd6 10. Re1 Bc6 11. Ne5 Nbd7 12. f4 0-0 13. Nd2 Rab8 14. Qc2 b5 15. b4 Rfc8 16. Nb3 Ne4 17. Nc5 Ndxc5 18. bxc5 Bxe5 19. fxe5 Rf8 20. Rf1 f5 21. exf6 Rxf6 22. Rxf6 gxf6 23. Bh6 Qg3 24. Rf1 Qh4 25. Bd2 Kf7 26. Rf4 Qg3 27. Rf3 Qh4 28. Rf4 Qg3 29. Rf3 Qh4 30. Rf4 1/2-1/2

[Event "Minsk Kupreichik Memorial op"]
[Site "Minsk"]
[Date "2023.04.23"]
[Round "4"]
[White "Kramich, Aliaksei"]
[Black "Poliakova, Varvara"]
[Result "1-0"]
[WhiteElo "2040"]
[BlackElo "2043"]
[PlyCount "125"]
[EventDate "2023.04.21"]
[EventType "swiss"]
[EventRounds "7"]
[EventCountry "BLR"]
[SourceTitle "CBM 214 Extra"]
[Source "ChessBase"]
[SourceDate "2023.07.31"]
[SourceVersion "1"]
[SourceVersionDate "2023.07.31"]
[SourceQuality "1"]

1. e4 e5 2. Nc3 Nf6 3. Bc4 Bc5 4. d3 d6 5. Na4 Nc6 6. Nxc5 dxc5 7. f4 Qe7 8. Nf3 exf4 9. Bb5 Bd7 10. Bxf4 0-0-0 11. 0-0 Nd4 12. Nxd4 cxd4 13. Bc4 Be6 14. Bb3 Nd7 15. Qh5 Qc5 16. Qxc5 Nxc5 17. Bxe6+ Nxe6 18. Bg3 Rd7 19. Rf5 Re8 20. Raf1 Nd8 21. Bh4 f6 22. g4 h6 23. Bg3 Nf7 24. h4 Re6 25. R1f2 Kd8 26. Kf1 Ke7 27. Kg2 Ne5 28. Bxe5 Rxe5 29. Kf1 Rd6 30. h5 c5 31. Ke2 Rb6 32. b3 Rbe6 33. Kd2 b5 34. a3 Kd6 35. c3 Rxf5 36. gxf5 Re7 37. b4 cxb4 38. axb4 Ke5 39. Rf1 dxc3+ 40. Ke3 Rc7 41. Rc1 a5 42. bxa5 b4 43. d4+ Kd6 44. Kd3 Rc6 45. Rc2 Rc7 46. a6 Kd7 47. e5 fxe5 48. dxe5 Kc8 49. e6 Kd8 50. Ra2 Ra7 51. Kc4 Rc7+ 52. Kb3 Ke7 53. a7 c2 54. Rxc2 Rxa7 55. Kxb4 Kf6 56. Rc5 Rb7+ 57. Kc4 Ra7 58. Kb5 g5 59. hxg6 h5 60. Kb6 Rg7 61. Rc7 Rg8 62. Rf7+ Kg5 63. e7 1-0

[Event "Minsk Kupreichik Memorial op"]
[Site "Minsk"]
[Date "2023.04.22"]
[Round "3"]
[White "Pauliuchkou, Daniil"]
[Black "Kramich, Aliaksei"]
[Result "0-1"]
[WhiteElo "1335"]
[BlackElo "2040"]
[PlyCount "54"]
[EventDate "2023.04.21"]
[EventType "swiss"]
[EventRounds "7"]
[EventCountry "BLR"]
[SourceTitle "CBM 214 Extra"]
[Source "ChessBase"]
[SourceDate "2023.07.31"]
[SourceVersion "1"]
[SourceVersionDate "2023.07.31"]
[SourceQuality "1"]

1. d4 Nf6 2. Nf3 e6 3. c4 c5 4. d5 d6 5. Nc3 exd5 6. cxd5 g6 7. e4 Bg7 8. h3 0-0 9. Bd3 b5 10. Nxb5 Re8 11. 0-0 Nxe4 12. Re1 Nf6 13. Nc3 Rxe1+ 14. Qxe1 Na6 15. a3 Nc7 16. Bc4 Rb8 17. Ra2 Bb7 18. Bg5 h6 19. Bxf6 Qxf6 20. Qd2 Qf5 21. Nd1 Nxd5 22. Ne3 Nxe3 23. Qxd6 Re8 24. fxe3 Bxf3 25. gxf3 Qb1+ 26. Kf2 Qc2+ 27. Be2 Qb3 0-1